| 000 | 00741nas a2200265 4500 | ||
|---|---|---|---|
| 001 | BR9802744 | ||
| 003 | BR-BrBNA | ||
| 005 | 20231205100805.0 | ||
| 007 | ta | ||
| 008 | 230509b bl.|||p| |||| 00| 00por d | ||
| 040 |
_aBR-BrBNA _bpor _cBiblioteca Nacional de Agricultura |
||
| 041 | _a(Pt) | ||
| 072 | _aE14 | ||
| 100 | 1 | _aVian, C.E.F. | |
| 245 | 1 | _aProalcool: o que precisa mudar | |
| 650 | _aAlcool | ||
| 650 | _aProjeto de Desenvolvimento | ||
| 650 | _aProjeto Agricola | ||
| 650 | _aCombustivel | ||
| 650 | _aProdutividade | ||
| 650 | _aPolitica Nacional | ||
| 773 | 0 |
_tAgroanalysis (Brazil) _xISSN 0100-4298 _g(Nov 1997), v. 17(11) p. 35-37 _wBR9802744 |
|
| 909 |
_a202311 _bLúcia _c55 _dLúcia Elande |
||
| 942 |
_2AGRIS _n0 _cANA |
||
| 999 |
_c158093 _d158093 |
||